000 00716nam a2200241Ia 4500
003 OSt
005 20220926010108.0
006 a|||||r|||| 00| 0
007 ta
008 220923b |||||||| |||| 00| 0 eng d
037 _cGeneral Book
040 _aRTL
_cRTL
_beng
041 _2eng
_aeng
082 _aY:(B2893).2.N86-N81, M2
100 _aRastogi P N
245 0 _aIndia 1981-86
_b A forecaste on economic, political
260 _a New Delhi
_bUppal Publishing House
_c1982
300 _a72p
_ccm.
490 _aCentre for Policy Research , Publication
650 _aSociometry
942 _hY:(B2893).2.N86-N81, M2
_cGB
_2CC
999 _c616374
_d616374